[Event "Hamburg DCup"]
[Site "Hamburg"]
[Date "2009.09.06"]
[Round "1.1"]
[White "Ritscher, Jan Paul"]
[Black "Frisch, Guenter"]
[Result "1-0"]
[WhiteElo "2276"]
[BlackElo "1569"]
[PlyCount "61"]
[EventDate "2009.09.06"]
[EventType "team"]
[EventRounds "4"]
[EventCountry "GER"]
[SourceTitle "CBM 132 Extra"]
[Source "ChessBase"]
[SourceDate "2009.11.03"]
[SourceVersion "1"]
[SourceVersionDate "2009.11.03"]
[SourceQuality "1"]

1. e4 d5 2. Nc3 d4 3. Nce2 e5 4. Ng3 Nc6 5. Bc4 Nf6 6. Nf3 Be7 7. 0-0 0-0 8. d3 Qd6 9. Nh4 g6 10. f4 Be6 11. Bxe6 fxe6 12. f5 exf5 13. exf5 Nd5 14. Qg4 h5 15. Qxg6+ Qxg6 16. Nxg6 Rf7 17. Nxh5 Ne3 18. Bxe3 dxe3 19. Nxe7+ Nxe7 20. g4 Kh8 21. h3 Rg8 22. Kh2 Nd5 23. Rae1 Nf6 24. Nxf6 Rxf6 25. Rxe3 Rh6 26. f6 Rf8 27. g5 Rg6 28. Rxe5 Kg8 29. h4 Rf7 30. h5 Rgg7 31. g6 1-0